Pasar a limpio : (Record no. 137350)

MARC details
000 -CABECERA
campo de control de longitud fija 02615nam a22003374i 4500
001 - NÚMERO DE CONTROL
campo de control 991061740053106706
003 - IDENTIFICADOR DEL NÚMERO DE CONTROL
campo de control ES-BaIT
005 - FECHA Y HORA DE LA ÚLTIMA TRANSACCIÓN
campo de control 20260408135949.0
008 - DATOS DE LONGITUD FIJA--INFORMACIÓN GENERAL
campo de control de longitud fija 260408s2024 sp |||| 0 spa|c
017 ## - NÚMERO DE COPYRIGHT O DE DEPÓSITO LEGAL
Número de copyright o de depósito legal DL M 22819-2024
Agencia que asigna Oficina DL Madrid
020 ## - NÚMERO INTERNACIONAL ESTÁNDAR DEL LIBRO
Número Internacional Estándar del Libro 9788424514402
040 ## - FUENTE DE LA CATALOGACIÓN
Centro catalogador/agencia de origen ES-BaIT
Lengua de catalogación cat
Normas de descripción rda
Centro/agencia transcriptor ES-BaIT
080 ## - NÚMERO DE LA CLASIFICACIÓN DECIMAL UNIVERSAL
Número de la Clasificación Decimal Universal 82.08
100 1# - ENTRADA PRINCIPAL--NOMBRE DE PERSONA
Nombre de persona Pascual, Itziar,
Fechas asociadas al nombre 1967-
Término indicativo de función/relación autor
9 (RLIN) 65941
245 10 - MENCIÓN DE TÍTULO
Título Pasar a limpio :
Resto del título cómo mejorar tu texto dramático /
Mención de responsabilidad, etc. Itziar Pascual
250 ## - MENCIÓN DE EDICIÓN
Mención de edición Primera edición
264 #1 - PRODUCCIÓN, PUBLICACIÓN, DISTRIBUCIÓN, FABRICACIÓN Y COPYRIGHT
Producción, publicación, distribución, fabricación y copyright Madrid :
Nombre del de productor, editor, distribuidor, fabricante Editorial Fundamentos,
Fecha de producción, publicación, distribución, fabricación o copyright 2024
300 ## - DESCRIPCIÓN FÍSICA
Extensión 247 pàgines ;
Dimensiones 21 cm
336 ## - TIPO DE CONTENIDO
Término de tipo de contenido text
Código de tipo de contenido txt
Fuente rdacontent
337 ## - TIPO DE MEDIO
Nombre/término del tipo de medio sense mediació
Código del tipo de medio n
Fuente rdamedia
338 ## - TIPO DE SOPORTE
Nombre/término del tipo de soporte volum
Código del tipo de soporte nc
Fuente rdacarrier
490 1# - MENCIÓN DE SERIE
Mención de serie Colección Arte. Serie Teoria Teatral ;
Designación de volumen o secuencia 240
500 ## - NOTA GENERAL
Nota general Índex
504 ## - NOTA DE BIBLIOGRAFÍA, ETC.
Nota de bibliografía, etc. Bibliografia i webgrafia pàgines: 233-240
520 ## - SUMARIO, ETC.
Sumario, etc. "Este volumen es un cuaderno de trabajo; un compendio de consejos, reflexiones, recomendaciones y sugerencias sencillas para adentrarse en la escritura dramática. Me encanta tener cuadernos. En italiano se alude a la brutta copia, en francés al cahier de brouillon. Como estudiante, la expresión “pasar a limpio” resuena a tarea de muchas horas de apuntes escritos en las clases de la universidad. Esas notas, tomadas a mano, tachadas o subrayadas, son testigo de un camino pedagógico. Durante los últimos veinticinco años de docencia en la RESAD (1999-2024), he podido compartir procesos de escritura, leer escenas, analizar proyectos y tutorizar trabajos prácticos de final de estudios de mi alumnado de Dramaturgia, con los que he constatado que revisar, corregir y retocar el material son tareas esenciales. Mi experiencia como dramaturga y mi tarea académica han sido un puente constante de ida y vuelta entre la teoría y la práctica. Estoy convencida de que el trabajo de pulido y de revisión del material es definitivo para diferenciar una obra con hallazgos, con ingenio y con interés, de una obra que aspira a perdurar: porque escribir es algo que hacemos de forma espontánea, pero corregir requiere técnica y oficio. Es bastante sencillo detectar los problemas de composición de una creación. Lo difícil es saber cómo subsanarlos. Para ello hacen falta, además de tenacidad y constancia, capacidad analítica y herramientas técnicas; precisamente lo que aspira a brindar este cuaderno." -- Contracoberta
650 #4 - PUNTO DE ACCESO ADICIONAL DE MATERIA--TÉRMINO DE MATERIA
Término de materia o nombre geográfico como elemento de entrada Escriptura teatral
830 #0 - PUNTO DE ACCESO ADICIONAL DE SERIE-TÍTULO UNIFORME
Título uniforme Colección Arte (Editorial Fundamentos).
Nombre de parte o sección de la obra Serie Teoría teatral
Designación de volumen o secuencia 240
9 (RLIN) 136407
908 ## - COLOCAR PARÁMETRO DE COMANDO (RLIN)
Colocar parámetro de comando CDMAE
940 ## - EQUIVALENCIA O REFERENCIA-CRUZADA--TÍTULO UNIFORME [OBSOLETO] [solamente CAN/MARC]
Título uniforme <a href="CDMAE">CDMAE</a>
942 ## - ELEMENTOS DE ENTRADA AGREGADA (KOHA)
Fuente del sistema de clasificación o colocación Clasificación decimal universal
Tipo de ítem Koha Llibre
Holdings
Estado de retiro Estado de pérdida Fuente del sistema de clasificación o colocación Estado dañado No para préstamo Localización permanente Ubicación/localización actual Ubicación en estantería Fecha de adquisición Fuente de adquisición Total de préstamos Signatura topográfica completa Código de barras Fecha visto por última vez Precio válido a partir de Tipo de ítem Koha
    Clasificación decimal universal   Novetat Biblioteca Barcelona Biblioteca Barcelona BCN Lliure Accés 08/04/2026 Compra   82.08 PAS 1900087986 08/04/2026 08/04/2026 Llibre

Powered by Koha